[Event "87th Argentinean Championship"]
[Site "Villa Martelli, ARG"]
[Date "2013.04.10"]
[Round "8.10"]
[White "Diaz Hollemaert, Nahuel"]
[Black "Barrionuevo, Pablo"]
[Result "1/2-1/2"]
[WhiteElo "2418"]
[BlackElo "2269"]

1. c4 e6 2. Nc3 d5 3. d4 c5 4. e3 Nf6 5. Nf3 Nc6 6. a3 a6 7. b3 Be7 8. Bb2
cxd4 9. exd4 O-O 10. Bd3 b6 11. O-O Bb7 12. Re1 Re8 13. Rc1 Rc8 14. cxd5 exd5
15. Bf5 Rc7 16. Na4 Na5 17. Bc2 Ne4 18. Ne5 Bg5 19. Ra1 Qf6 20. f3 Rec8 21.
Re2 Be3+ 22. Rxe3 Rxc2 23. Re2 Rxe2 24. Qxe2 Nxb3 25. Re1 Nd6 26. Nxb6 Re8 27.
Qd1 Na5 28. Qd2 Nb3 29. Qd1 Na5 30. Bc3 Nac4 31. Nexc4 dxc4 32. Nxc4 h6 33.
Nxd6 Rxe1+ 34. Qxe1 Qxd6 35. Qe8+ Qf8 36. Qxf8+ Kxf8 37. Kf2 Bd5 38. Ke3 Ke7
39. Bb4+ Kf6 40. Bf8 h5 41. h4 g5 42. Bh6 gxh4 43. Kf4 h3 44. gxh3 Ke6 45. Bf8
f6 46. Bb4 Bc6 47. Ba5 Bd5 48. Bd8 Bc6 49. Ba5 Bd5 50. Bd8 Bc6 51. Kg3 Kf5
52. f4 Bd5 53. Be7 Kg6 54. Kh4 f5 55. Bd8 Bc6 56. Be7 Bd5 57. Bd8 1/2-1/2

[Event "87th Argentinean Championship"]
[Site "Villa Martelli, ARG"]
[Date "2013.04.10"]
[Round "8.11"]
[White "Maldonado, Marcos"]
[Black "Lujan, Carolina"]
[Result "0-1"]
[WhiteElo "1991"]
[BlackElo "2366"]

1. Nf3 Nf6 2. c4 g6 3. Nc3 d5 4. cxd5 Nxd5 5. Qa4+ Nc6 6. Ne5 Ndb4 7. g3 Bg7
8. Nxc6 Nxc6 9. Bg2 Bd7 10. d3 O-O 11. O-O Nd4 12. Qd1 Bc6 13. Bxc6 Nxc6 14.
Be3 Qd7 15. Qb3 Rad8 16. Ne4 b6 17. Rac1 Ne5 18. Bf4 c5 19. Bxe5 Bxe5 20. Nd2
h5 21. Nf3 Bf6 22. h4 Qh3 23. Rc4 Rd6 24. Rfc1 Rfd8 25. Re4 Rd5 26. Rcc4
R8d7 27. a4 Kg7 28. Qc2 a6 29. b4 cxb4 30. Rxb4 b5 31. axb5 axb5 32. Rb1 Rd8 33.
Qc6 R8d6 34. Qc1 Qd7 35. Reb4 Rc6 36. Qa3 Rc2 37. Re4 Qh3 38. d4 Qc8 39. Kg2
Qc4 40. Qb3 Qc6 41. Kh2 Rf5 42. d5 Rxd5 43. Ng5 Bxg5 44. hxg5 Rf5 45. f3 e6
46. Qe3 Qd5 47. Rbb4 Rxg5 48. Rbd4 Qc5 49. Rb4 Qxe3 50. Rxe3 Rc4 51. Rb2 b4
52. f4 Rb5 53. Kg2 h4 54. Reb3 Kf6 55. e3 hxg3 56. Kxg3 Kf5 57. Kf3 e5 58.
fxe5 Kxe5 59. Rg2 Kf5 60. Rb1 b3 61. Rd2 Rc3 62. Rbb2 Re5 63. Re2 g5 64. Rb1 g4+
65. Kf2 Ke4 66. Kg3 f5 67. Kf2 Rb5 68. Rbb2 Rd3 69. Re1 Rc5 70. Ree2 Rcc3
0-1

[Event "87th Argentinean Championship"]
[Site "Villa Martelli, ARG"]
[Date "2013.04.10"]
[Round "8.12"]
[White "Della Morte, German"]
[Black "Perez, Maximiliano"]
[Result "1-0"]
[WhiteElo "2318"]
[BlackElo "2298"]

1. e4 c5 2. Nf3 d6 3. d4 cxd4 4. Nxd4 Nf6 5. Nc3 a6 6. h3 e5 7. Nde2 h5 8. g3
Be6 9. Bg2 Be7 10. Nd5 Nxd5 11. exd5 Bf5 12. Be3 Qc7 13. c3 Nd7 14. O-O Nf6
15. a4 Qd7 16. Kh2 h4 17. g4 Bxg4 18. hxg4 h3 19. Bf3 e4 20. Bxe4 Nxe4 21. f3
Nf6 22. Qd4 Rc8 23. Ng3 b5 24. Nf5 Rc5 25. Nxg7+ Kf8 26. Nh5 Rxh5 27. gxh5
Rxd5 28. Qf4 Rxh5 29. Bd4 d5 30. Kh1 Ne8 31. axb5 Qxb5 32. Rae1 Bd6 33. Rxe8+
Kxe8 34. Re1+ Be7 35. Qf6 Qf1+ 36. Rxf1 Bxf6 37. Bxf6 Kd7 38. Bd4 Ke6 39.
Re1+ Kd6 40. Kh2 Kc6 41. b4 Kb5 42. Re5 1-0

[Event "87th Argentinean Championship"]
[Site "Villa Martelli, ARG"]
[Date "2013.04.10"]
[Round "8.13"]
[White "Cuevas, Alex"]
[Black "Malbran, Guillermo"]
[Result "1/2-1/2"]
[WhiteElo "2298"]
[BlackElo "2198"]

1. d4 Nf6 2. Nf3 e6 3. e3 c5 4. Bd3 Nc6 5. O-O d5 6. b3 cxd4 7. exd4 Bd6 8.
Bb2 Qc7 9. c4 O-O 10. Nbd2 a5 11. Qe2 a4 12. c5 Bf4 13. g3 Bh6 14. Bc3 b6 15.
Rfe1 Rd8 16. b4 bxc5 17. bxc5 Bd7 18. h4 Rdb8 19. a3 Na7 20. Ne5 Bb5 21. f4
Bxd3 22. Qxd3 Nc6 23. Nxc6 Qxc6 24. Bb4 g6 25. Re2 Bg7 26. Rae1 h5 27. Kg2 Rd8
28. Nf3 Ne4 29. Ng5 f5 30. Rb1 Qa6 31. Rd1 Qc6 32. Rc2 Bf6 33. Nf3 Rdb8 34.
Re2 Kg7 35. Rc2 Rb7 36. Re2 Rbb8 37. Rc2 Rb7 1/2-1/2

[Event "87th Argentinean Championship"]
[Site "Villa Martelli, ARG"]
[Date "2013.04.10"]
[Round "8.15"]
[White "Pineiro, Dario"]
[Black "Arguinariz, Enrique"]
[Result "1-0"]
[WhiteElo "2194"]
[BlackElo "2082"]

1. d4 d5 2. c4 e6 3. Nc3 c5 4. cxd5 exd5 5. Nf3 Nc6 6. dxc5 d4 7. Na4 Bg4 8.
a3 Nf6 9. b4 Be7 10. Bb2 Bxf3 11. exf3 Qc7 12. Be2 Rd8 13. O-O Nd5 14. b5 Nc3
15. Qc2 Nxa4 16. Qxa4 Qa5 17. Qc2 Ne5 18. Qe4 Ng6 19. Bxd4 O-O 20. Rfd1 Rfe8
21. Qc2 Nf4 22. Bc4 Rc8 23. Qf5 Ne6 24. Bxe6 fxe6 25. Qxe6+ Kh8 26. Qf7 1-0

[Event "87th Argentinean Championship"]
[Site "Villa Martelli, ARG"]
[Date "2013.04.10"]
[Round "8.16"]
[White "Fiori, Hector Dionisio"]
[Black "Lopez Rebert, Pablo"]
[Result "1-0"]
[WhiteElo "2171"]
[BlackElo "2049"]

1. e4 e6 2. Nf3 d5 3. e5 c5 4. b4 b6 5. c3 cxb4 6. cxb4 Nc6 7. a3 Bd7 8. d4
Rb8 9. Bd3 Nge7 10. Nc3 Ng6 11. h4 Be7 12. g3 O-O 13. h5 Nh8 14. Qc2 g6 15.
Bh6 Re8 16. Qd2 f5 17. exf6 Bxf6 18. hxg6 hxg6 19. O-O-O Rc8 20. Kb1 Qe7 21.
Bg5 Nxd4 22. Bxf6 Qxf6 23. Nxd4 Qxd4 24. Ne2 Qg7 25. Rh6 Kf8 26. Rdh1 Nf7 27.
Rxg6 Qe5 28. Nf4 Qc3 29. Qxc3 Rxc3 30. Kb2 d4 31. Rh7 Ne5 32. Rf6+ Kg8 33. Be4
Nc4+ 34. Ka2 Rxa3+ 35. Kb1 Nd2+ 36. Kb2 e5 37. Kxa3 Nxe4 38. Rff7 exf4 39.
Rhg7+ Kh8 40. Rxd7 fxg3 41. Rh7+ Kg8 42. Rhg7+ Kh8 43. fxg3 d3 44. Rh7+ Kg8
45. Rdg7+ Kf8 46. Rxa7 d2 47. Rh8# 1-0

[Event "87th Argentinean Championship"]
[Site "Villa Martelli, ARG"]
[Date "2013.04.10"]
[Round "8.17"]
[White "Radoszta, Armando E."]
[Black "Ferrara, Alexis Roberto"]
[Result "0-1"]
[WhiteElo "1998"]
[BlackElo "2195"]

1. e4 c5 2. Nf3 e6 3. d4 cxd4 4. Nxd4 Qb6 5. Nb3 Qc7 6. Nc3 a6 7. a3 b5 8.
Be3 Bb7 9. Bd3 Nf6 10. O-O d6 11. Qe2 Nbd7 12. Rad1 Be7 13. f4 e5 14. Qf3 O-O
15. Rd2 Rfe8 16. f5 d5 17. Nxd5 Bxd5 18. exd5 e4 19. Bxe4 Nxe4 20. Qxe4 Bg5
21. Qxe8+ Rxe8 22. Bxg5 Re4 23. d6 Qb6+ 24. Kh1 h6 25. Bf4 b4 26. Bg3 a5 27.
axb4 Qxb4 28. Rd3 a4 29. Nd2 Re2 30. Rb1 Rxd2 31. Be1 Qc4 32. Bxd2 Qxc2 33. Ra1
Qxd3 34. Bb4 Qxf5 35. Ba3 f6 36. h3 Kf7 37. Rc1 Ke6 38. Rc8 h5 39. Ra8 Qf1+
40. Kh2 Qf4+ 41. Kh1 g5 42. Re8+ Kd5 0-1

[Event "87th Argentinean Championship"]
[Site "Villa Martelli, ARG"]
[Date "2013.04.10"]
[Round "8.18"]
[White "Brea, Emanuel"]
[Black "Bertaccini, Daniel"]
[Result "1-0"]
[WhiteElo "1880"]
[BlackElo "2176"]

1. d4 Nf6 2. c4 g6 3. Nc3 d5 4. Nf3 Bg7 5. Bg5 Ne4 6. cxd5 Nxg5 7. Nxg5 e6 8.
Nf3 exd5 9. e3 O-O 10. Bd3 c6 11. O-O Qd6 12. Rb1 a5 13. a3 Nd7 14. b4 f5
15. Qb3 axb4 16. axb4 Nf6 17. Rfc1 Be6 18. b5 Ne4 19. bxc6 bxc6 20. Na4 f4 21.
Nc5 Nxc5 22. Rxc5 fxe3 23. fxe3 Bg4 24. Rbc1 Bxf3 25. gxf3 Rxf3 26. Be4 Bxd4
27. Rxc6 Rxe3 28. Bxd5+ Kf8 29. Rxd6 Rxb3+ 30. Kh1 1-0

[Event "87th Argentinean Championship"]
[Site "Villa Martelli, ARG"]
[Date "2013.04.11"]
[Round "9.1"]
[White "Flores, Diego"]
[Black "Krysa, Leandro Sergio"]
[Result "1-0"]
[WhiteElo "2600"]
[BlackElo "2378"]

1. c4 Nf6 2. b3 g6 3. Bb2 Bg7 4. g3 d5 5. cxd5 Qxd5 6. Nf3 c5 7. Bg2 O-O 8.
d3 Nc6 9. Nbd2 Rb8 10. Rc1 b6 11. O-O Qh5 12. Rc4 Bb7 13. Qa1 Ne8 14. a3 Nd4
15. Nxd4 cxd4 16. Bf3 Bxf3 17. Nxf3 e5 18. b4 Nd6 19. Rc6 Rfd8 20. Qa2 e4 21.
Nxd4 exd3 22. exd3 Ne8 23. Rc4 Rb7 24. Ba1 Nf6 25. Qe2 Qd5 26. Rfc1 h6 27.
Rc8 Kh7 28. Rxd8 Qxd8 29. Qf3 Qd5 30. Rc6 Qa2 31. Nc2 Nd5 32. Bxg7 Kxg7 33. Ne3
Nxe3 34. Qxe3 Qd5 35. Rc8 h5 36. Qe8 Kf6 37. Qh8+ Kf5 38. Rc4 g5 39. Qxh5
Re7 40. Re4 Rxe4 41. dxe4+ Kxe4 42. Qg4+ Ke5 43. Qxg5+ f5 44. Qe7+ Kd4 45. Qxa7
Qe6 46. Qg7+ Kd3 47. Qa1 1-0

[Event "87th Argentinean Championship"]
[Site "Villa Martelli, ARG"]
[Date "2013.04.11"]
[Round "9.2"]
[White "Villanueva, Mario"]
[Black "Liascovich, Lucas Agustin"]
[Result "1-0"]
[WhiteElo "2379"]
[BlackElo "2410"]

1. e4 d5 2. exd5 Qxd5 3. Nc3 Qa5 4. d4 Nf6 5. Nf3 c6 6. Bd2 Bf5 7. Ne4 Qc7 8.
Nxf6+ gxf6 9. g3 e6 10. Bg2 Nd7 11. O-O Be4 12. Re1 f5 13. Ng5 Bxg2 14.
Rxe6+ Be7 15. Qh5 Rf8 16. Kxg2 Nf6 17. Rxf6 Bxf6 18. Nxh7 Be7 1-0

[Event "87th Argentinean Championship"]
[Site "Villa Martelli, ARG"]
[Date "2013.04.11"]
[Round "9.3"]
[White "Valerga, Diego"]
[Black "Pichot, Alan"]
[Result "1-0"]
[WhiteElo "2502"]
[BlackElo "2327"]

1. e4 c5 2. Nf3 Nc6 3. d4 cxd4 4. Nxd4 Qb6 5. Nb5 a6 6. Be3 Qd8 7. Nd4 e5 8.
Ne2 Nf6 9. Nbc3 Bb4 10. a3 Ba5 11. b4 Bb6 12. Bxb6 Qxb6 13. Qd6 Qd8 14. Ng3
Qe7 15. Nf5 Qxd6 16. Nxd6+ Ke7 17. Nf5+ Kf8 18. Bd3 g6 19. Ne3 d6 20. Nc4 Ke7
21. Nb6 Rb8 22. O-O-O Be6 23. Rhe1 Nd4 24. Kb2 h5 25. f4 Rbe8 26. fxe5 dxe5
27. Ncd5+ Bxd5 28. exd5 Nd7 29. Nc4 f6 30. Bxg6 Reg8 31. Be4 Rg4 32. c3 Rc8
33. d6+ Kd8 34. Na5 Nc6 35. Nxb7+ Ke8 36. Nc5 Nxc5 37. bxc5 Nb8 38. c6 1-0

[Event "87th Argentinean Championship"]
[Site "Villa Martelli, ARG"]
[Date "2013.04.11"]
[Round "9.4"]
[White "Lorenzini, Martin"]
[Black "Iermito, Sebastian"]
[Result "1/2-1/2"]
[WhiteElo "2488"]
[BlackElo "2463"]

1. e4 e5 2. Nf3 Nf6 3. d3 Nc6 4. Be2 g6 5. O-O Bg7 6. c3 O-O 7. b4 d6 8. Re1
h6 9. Nbd2 Be6 10. b5 Ne7 11. d4 Nd7 12. dxe5 Nxe5 13. Nd4 g5 14. Nf1 N7g6
15. Ng3 Nf4 16. Be3 Qf6 17. Ndf5 Bxf5 18. Nxf5 Rad8 19. c4 Nfg6 20. a4 b6 21.
a5 Ne7 22. Nxg7 Kxg7 23. axb6 axb6 24. Ra7 Rc8 25. Bd4 c5 26. Be3 N7g6 27. Bf1
Nf4 28. Kh1 Ra8 29. Qa1 Rxa7 30. Qxa7 Nfd3 31. Bxd3 Nxd3 32. Rf1 Ne5 33. Rc1
Nd3 34. Rd1 Nxf2+ 35. Bxf2 Qxf2 36. Qxb6 Qc2 37. Re1 Qc3 38. Rd1 Qxc4 39.
Qxd6 Qxb5 40. Rc1 Qe8 41. Qd5 Qe6 42. Rxc5 Qxd5 43. exd5 1/2-1/2

[Event "87th Argentinean Championship"]
[Site "Villa Martelli, ARG"]
[Date "2013.04.11"]
[Round "9.5"]
[White "Mareco, Sandro"]
[Black "Real De Azua, Ernesto"]
[Result "1/2-1/2"]
[WhiteElo "2580"]
[BlackElo "2450"]

1. d4 Nf6 2. c4 e6 3. Nc3 Bb4 4. f3 Nc6 5. e4 d5 6. cxd5 exd5 7. e5 Ng8 8.
Be3 Nge7 9. f4 O-O 10. Nf3 Bf5 11. Rc1 Qd7 12. Be2 Na5 13. a3 Nc4 14. Bxc4
Bxc3+ 15. Rxc3 dxc4 16. Rxc4 Nd5 17. Qd2 Qb5 18. Rc5 Qb3 19. Kf2 Rad8 20. Re1 b6
21. Rcc1 c5 22. Kg1 1/2-1/2

[Event "87th Argentinean Championship"]
[Site "Villa Martelli, ARG"]
[Date "2013.04.11"]
[Round "9.6"]
[White "Perez Ponsa, Federico"]
[Black "Dolezal, Cristian"]
[Result "1/2-1/2"]
[WhiteElo "2476"]
[BlackElo "2415"]

1. e4 e6 2. d3 d5 3. Qe2 Nf6 4. Nf3 b6 5. e5 Ng8 6. g3 Bb7 7. Bg2 c5 8. O-O
Ne7 9. c3 Qd7 10. Re1 h6 11. h4 Na6 12. Na3 Nc7 13. Nc2 Nc6 14. Bf4 Be7 15. d4
c4 16. b3 b5 17. Reb1 Rb8 18. Qd2 Na8 19. Ne3 1/2-1/2

[Event "87th Argentinean Championship"]
[Site "Villa Martelli, ARG"]
[Date "2013.04.11"]
[Round "9.7"]
[White "Slipak, Sergio"]
[Black "Fabian, Gaston"]
[Result "1/2-1/2"]
[WhiteElo "2438"]
[BlackElo "2336"]

1. d4 Nf6 2. c3 d5 3. Bg5 e6 4. Nd2 Be7 5. e3 O-O 6. Bd3 Nbd7 7. f4 c5 8.
Ngf3 h6 9. Bxf6 Nxf6 10. Ne5 Nd7 11. Qh5 Nxe5 12. fxe5 Bg5 13. Ke2 cxd4 14. cxd4
Bd7 15. h4 Be7 16. Rh3 1/2-1/2

[Event "87th Argentinean Championship"]
[Site "Villa Martelli, ARG"]
[Date "2013.04.11"]
[Round "9.10"]
[White "Julia, Ernesto"]
[Black "Pineiro, Dario"]
[Result "1-0"]
[WhiteElo "2374"]
[BlackElo "2194"]

1. e4 c6 2. d3 d5 3. Nd2 e5 4. Ngf3 Bd6 5. d4 exd4 6. exd5 Nf6 7. dxc6 Nxc6
8. Be2 O-O 9. O-O Bf5 10. Nb3 Qc7 11. h3 Nb4 12. Nbxd4 Bxc2 13. Nxc2 Nxc2 14.
Rb1 Rad8 15. Bd2 Nd4 16. Nxd4 Bh2+ 17. Kh1 Rxd4 18. Qc1 Qxc1 19. Bxc1 Bf4 20.
Bxf4 Rxf4 21. Bf3 Rb4 22. b3 Rd8 23. Rfd1 Rbd4 24. Rxd4 Rxd4 25. Rc1 g5 26.
Rc7 Rd2 27. a4 Rxf2 28. Rxb7 Rb2 29. b4 h5 30. Bc6 g4 31. Kg1 g3 32. Kf1 h4
33. Bf3 a6 34. a5 Kf8 35. b5 axb5 36. a6 Ra2 37. a7 Kg7 38. Rc7 Ne8 39. Re7
Kf6 40. Rxf7+ Ke6 41. Rb7 Kd6 42. Rf7 Ke6 43. Rf8 Nc7 44. a8=Q Nxa8 45. Rxa8
Rb2 46. Rd8 b4 47. Rd4 b3 48. Rxh4 Rf2+ 49. Ke1 b2 50. Rb4 Ke5 51. Be4 Kf4 52.
Bb1+ Ke5 53. Re4+ Kd5 54. Re2 1-0

[Event "87th Argentinean Championship"]
[Site "Villa Martelli, ARG"]
[Date "2013.04.11"]
[Round "9.11"]
[White "Malbran, Guillermo"]
[Black "Mahia, Gustavo"]
[Result "0-1"]
[WhiteElo "2198"]
[BlackElo "2371"]

1. e4 c5 2. Nf3 Nc6 3. Bb5 g6 4. Bxc6 bxc6 5. O-O Bg7 6. Re1 Nf6 7. h3 O-O 8.
c3 d6 9. d4 Qb6 10. Nbd2 cxd4 11. cxd4 Ba6 12. b3 c5 13. Bb2 c4 14. Qb1 Rab8
15. Bc3 Rfc8 16. b4 d5 17. e5 Nh5 18. g3 Rf8 19. Kg2 Bc8 20. Rh1 Bf5 21. Qe1
Bh6 22. Nh2 Qe6 23. Nhf1 Bd3 24. Ne3 f5 25. exf6 Bxe3 26. Qxe3 Qxe3 27. fxe3
Rxf6 28. g4 Ng7 29. Kg3 Rbf8 30. a4 Ne6 31. Rhe1 Ng5 32. Ra2 Rf2 33. Rb2
Rxd2 34. Bxd2 Ne4+ 35. Kh4 g5+ 36. Kh5 Kg7 37. h4 Ng3+ 0-1

[Event "87th Argentinean Championship"]
[Site "Villa Martelli, ARG"]
[Date "2013.04.11"]
[Round "9.12"]
[White "Barrionuevo, Pablo"]
[Black "Giardelli, Sergio C."]
[Result "1-0"]
[WhiteElo "2269"]
[BlackElo "2346"]

1. d4 Nf6 2. c4 e6 3. g3 Bb4+ 4. Bd2 Bxd2+ 5. Qxd2 d5 6. Nf3 O-O 7. Bg2 Qe7
8. O-O Rd8 9. Rd1 Nbd7 10. Qf4 Nf8 11. Ne5 Ng6 12. Nxg6 hxg6 13. c5 b6 14. Rc1
Ba6 15. Bf3 Rab8 16. b3 Ne4 17. cxb6 cxb6 18. Rc7 Qf6 19. Qxf6 gxf6 20. Rxa7
Ra8 21. Rxa8 Rxa8 22. Bxe4 dxe4 23. Nc3 Rc8 24. Rc1 f5 25. a3 g5 26. e3 Bd3
27. a4 f4 28. gxf4 gxf4 29. Ne2 Rc2 30. Rxc2 Bxc2 31. Nc1 Kg7 32. Kf1 Kg6 33.
Ke1 Kg5 34. Kd2 Bb1 35. b4 Kg4 36. a5 bxa5 37. bxa5 Kf3 38. a6 Kxf2 39. a7
fxe3+ 40. Kc3 e2 41. Nxe2 Kxe2 42. a8=Q f5 43. Qb8 Bd3 44. Qf4 1-0

[Event "87th Argentinean Championship"]
[Site "Villa Martelli, ARG"]
[Date "2013.04.11"]
[Round "9.13"]
[White "Perez, Maximiliano"]
[Black "Fiori, Hector Dionisio"]
[Result "1-0"]
[WhiteElo "2298"]
[BlackElo "2171"]

1. Nf3 c5 2. c4 Nc6 3. g3 g6 4. Bg2 Bg7 5. O-O e5 6. Nc3 Nge7 7. a3 O-O 8.
Rb1 a5 9. Ne1 d6 10. Nc2 Be6 11. d3 d5 12. cxd5 Nxd5 13. Ne3 Nxe3 14. Bxe3 Nd4
15. Bxb7 Ra7 16. Bg2 Rd7 17. Ne4 c4 18. Nc5 cxd3 19. exd3 Rc7 20. Bxd4 Qxd4
21. Nxe6 fxe6 22. b4 Rc3 23. Rb3 axb4 24. axb4 Rb8 25. b5 Bf8 26. Rxc3 Qxc3
27. Bc6 Qd4 28. Qb3 Kf7 29. Re1 Bc5 30. Qc2 Kg7 31. Re4 Qa1+ 32. Kg2 Bd4 33.
Re2 Qc3 34. Qxc3 Bxc3 35. Kf3 Kf6 36. Ra2 Bd4 37. h4 Bb6 38. Rc2 Rd8 39. Be4
Ke7 40. Kg4 Kf6 41. h5 Rd6 42. hxg6 hxg6 43. f3 Be3 44. Rc8 Kf7 45. Rh8 Kg7 46.
Rc8 Kf7 47. Rc7+ Kf6 48. Kh3 Rb6 49. Bc6 Rb8 50. Kg4 Bb6 51. Rh7 Be3 52. Rh2
Rd8 53. Be4 Rb8 54. Rb2 Bd4 55. Rb3 Bb6 56. f4 exf4 57. gxf4 Bd4 58. Rb1 Rb6
59. Bc6 Rb8 60. Rb4 Bb6 61. Rc4 Rd8 62. Be4 Rd6 63. Rc8 Kf7 64. Kg5 Bd8+ 65.
Kh6 Kf6 66. Rc5 Be7 67. Rg5 Bf8+ 68. Kh7 Rd7+ 69. Kg8 Rd8 70. Rxg6+ Ke7 71.
Kh7 Rb8 72. Bc6 Kf7 73. Bd7 Rb6 74. f5 Rd6 75. Bxe6+ Ke7 76. Bc4 Rd4 77. f6+
Ke8 78. f7+ 1-0

[Event "87th Argentinean Championship"]
[Site "Villa Martelli, ARG"]
[Date "2013.04.11"]
[Round "9.14"]
[White "Ferrara, Alexis Roberto"]
[Black "Cuevas, Alex"]
[Result "0-1"]
[WhiteElo "2195"]
[BlackElo "2298"]

1. Nf3 c5 2. c4 Nc6 3. Nc3 e5 4. g3 d6 5. Bg2 Nge7 6. O-O g6 7. Ne1 Bg7 8.
Nc2 O-O 9. Rb1 Be6 10. Ne3 f5 11. Ned5 f4 12. d3 g5 13. Nxe7+ Qxe7 14. Nd5 Qd7
15. b4 cxb4 16. Nxb4 Kh8 17. Nxc6 bxc6 18. Qa4 Rac8 19. Qa6 Rf7 20. Ba3 g4
21. f3 Bh6 22. gxf4 Bxf4 23. Bc1 Rg8 24. Bxf4 exf4 25. Kf2 d5 26. Qa5 h6 27.
fxg4 Bxg4 28. cxd5 Qe7 29. Qc3+ Rfg7 30. Qd4 c5 0-1

[Event "87th Argentinean Championship"]
[Site "Villa Martelli, ARG"]
[Date "2013.04.11"]
[Round "9.15"]
[White "Paternoste, Martin"]
[Black "Maldonado, Marcos"]
[Result "1/2-1/2"]
[WhiteElo "2076"]
[BlackElo "1991"]

1. e4 c5 2. Nf3 Nc6 3. d4 cxd4 4. Nxd4 d6 5. Nc3 Nf6 6. Be3 g6 7. g3 Bg7 8.
Bg2 Ng4 9. Nxc6 Nxe3 10. Nxd8 Nxd1 11. Nxd1 Kxd8 12. c3 Bd7 13. Ne3 Bc6 14.
O-O-O Rc8 15. f4 Kc7 16. Nd5+ Bxd5 17. Rxd5 h5 18. Rhd1 Rcd8 19. a4 h4 20. g4
h3 21. Bf3 e6 22. R5d3 e5 23. f5 Bh6+ 24. Kc2 Bf4 25. Be2 Rh4 26. Bf1 Bxh2 27.
Rxh3 Rxh3 28. Bxh3 Rh8 29. Rd3 Rh4 30. fxg6 fxg6 31. b4 g5 32. Kb3 Rh6 33.
Kc4 Kc6 34. Bf1 Bf4 35. Be2 Rh2 36. Bd1 Rd2 37. a5 b5+ 38. axb6 Kxb6 39. Ba4
Rxd3 40. Kxd3 a5 41. Kc4 axb4 42. cxb4 Bd2 43. Be8 Bf4 44. Kd5 Kc7 45. Ke6 Bd2
46. Kf6 Kd8 47. Bc6 Kc7 48. b5 Be3 49. Ke7 1/2-1/2

[Event "87th Argentinean Championship"]
[Site "Villa Martelli, ARG"]
[Date "2013.04.11"]
[Round "9.17"]
[White "Leal, Jorge Augusto"]
[Black "Fiori, Alberto Nicolas"]
[Result "1-0"]
[WhiteElo "1863"]
[BlackElo "2128"]

1. d4 Nf6 2. Nf3 e6 3. Bf4 c5 4. e3 Qb6 5. Nc3 cxd4 6. Qxd4 Bc5 7. Qd2 Bb4 8.
a3 Ne4 9. Qd3 Bxc3+ 10. bxc3 Qb2 11. Qxe4 Qxa1+ 12. Kd2 Nc6 13. Bd6 Qa2 14.
Bc4 Qb2 15. Qg4 Rg8 16. Bd3 Qa2 17. Bc4 Qb2 18. Qh5 h6 19. Ng5 hxg5 20. Qh7
Ne7 21. Bxe7 Kxe7 22. Qxg8 Qxa3 23. Qxg7 Qc5 24. Bd3 b6 25. h4 gxh4 26. Rxh4
Bb7 27. Rf4 Rf8 28. g4 d6 29. Rc4 1-0

[Event "87th Argentinean Championship"]
[Site "Villa Martelli, ARG"]
[Date "2013.04.11"]
[Round "9.18"]
[White "Arguinariz, Enrique"]
[Black "Lopez, Sebastian"]
[Result "1-0"]
[WhiteElo "2082"]
[BlackElo "2013"]

1. c4 Nf6 2. Nc3 e6 3. d4 Bb4 4. Qc2 O-O 5. Nf3 b6 6. e4 Bb7 7. Bd3 h6 8. O-O
Bxc3 9. bxc3 d6 10. Ba3 c5 11. Rad1 Qc7 12. Qe2 Nbd7 13. d5 e5 14. Nh4 Rfe8
15. Nf5 Nf8 16. Bc1 Ng6 17. Qf3 Qd8 18. g4 Nh7 19. Qg3 Bc8 20. Kh1 Qf6 21.
Rg1 Bxf5 22. gxf5 Ne7 23. Rg2 Kh8 24. Rdg1 Rg8 25. h4 Rae8 26. Qh3 g6 27. Bxh6
Nxf5 28. Bg5 Qg7 29. exf5 e4 30. fxg6 fxg6 31. Be2 Qe5 32. Bg4 Rg7 33. Bh6
Rf7 34. Be6 Rf3 35. Qg4 Rf6 36. Bg5 Rf3 37. h5 Qxc3 38. hxg6 Rxe6 39. dxe6 Nxg5
40. Qxg5 Rh3+ 41. Rh2 1-0

[Event "87th Argentinean Championship"]
[Site "Villa Martelli, ARG"]
[Date "2013.04.11"]
[Round "9.19"]
[White "Lopez Rebert, Pablo"]
[Black "Galleto, Ricardo Ruben"]
[Result "0-1"]
[WhiteElo "2049"]
[BlackElo "2014"]

1. e4 e5 2. f4 d5 3. exd5 e4 4. d3 Nf6 5. c4 Bf5 6. d4 Bb4+ 7. Nc3 O-O 8. a3
Bxc3+ 9. bxc3 b5 10. cxb5 Nxd5 11. c4 Nf6 12. Be2 a6 13. a4 axb5 14. Ba3 Re8
15. axb5 c6 16. bxc6 Nxc6 17. d5 Na5 18. Bb2 Qd6 {Ilegible} 0-1

[Event "87th Argentinean Championship"]
[Site "Villa Martelli, ARG"]
[Date "2013.04.12"]
[Round "10.1"]
[White "Lorenzini, Martin"]
[Black "Flores, Diego"]
[Result "1/2-1/2"]
[WhiteElo "2488"]
[BlackElo "2600"]

1. e4 c5 2. Nf3 e6 3. d3 Nc6 4. g3 d5 5. Qe2 Nge7 6. Bg2 dxe4 7. dxe4 Nd4 8.
Nxd4 cxd4 9. e5 Bd7 10. Nd2 Bc6 11. Nf3 Qd5 12. a4 Rd8 13. O-O d3 14. cxd3
Qxd3 15. Qxd3 Rxd3 16. Be3 Nf5 17. Ne1 Bxg2 18. Nxd3 Bxf1 19. Rxf1 Nxe3 20.
fxe3 Be7 21. Kg2 a6 22. Rf4 O-O 23. Rd4 Rb8 24. Kf3 Kf8 25. Ke2 Ke8 26. Rg4 g6
27. Rc4 h5 28. h3 Kd7 29. Rf4 Ke8 30. Rc4 Rd8 31. Rc7 Rd7 32. Rc8+ Bd8 33. g4
hxg4 34. hxg4 Rc7 35. Rxc7 Bxc7 36. Kf3 Kd7 37. b3 Kc6 38. e4 g5 39. Ke3 Bb6+
40. Kd2 Bd4 41. b4 b5 42. a5 Kc7 43. Ke2 Kc6 44. Kd2 Kd7 45. Ke2 Kc6 1/2-1/2

[Event "87th Argentinean Championship"]
[Site "Villa Martelli, ARG"]
[Date "2013.04.12"]
[Round "10.2"]
[White "Real De Azua, Ernesto"]
[Black "Villanueva, Mario"]
[Result "1-0"]
[WhiteElo "2450"]
[BlackElo "2379"]

1. d4 Nf6 2. c4 g6 3. Nc3 Bg7 4. e4 d6 5. Nf3 O-O 6. Be2 e5 7. Be3 Na6 8. O-O
Ng4 9. Bg5 Qe8 10. Re1 exd4 11. Nd5 f6 12. Bf4 d3 13. Qxd3 Ne5 14. Qc2 Qf7
15. Rad1 Bg4 16. Nd4 Bxe2 17. Rxe2 c6 18. Ne3 Qe7 19. Bg3 Nf7 20. f3 Nc5 21.
b4 Ne6 22. Nb3 Rfe8 23. Nf5 gxf5 24. exf5 Qd7 25. fxe6 Rxe6 26. Qf5 Re7 27.
Qxd7 Rxd7 28. Nc5 Rc7 29. Bxd6 Nxd6 30. Rxd6 a5 31. a3 axb4 32. axb4 Kf7 33.
Red2 Bf8 34. Rd7+ Rxd7 35. Rxd7+ Kg6 36. Nd3 Ra4 37. c5 Ra3 38. g4 Rb3 39. Nf4+
1-0

[Event "87th Argentinean Championship"]
[Site "Villa Martelli, ARG"]
[Date "2013.04.12"]
[Round "10.3"]
[White "Liascovich, Lucas Agustin"]
[Black "Valerga, Diego"]
[Result "1-0"]
[WhiteElo "2410"]
[BlackElo "2502"]

1. Nf3 d5 2. b3 Bg4 3. Ne5 Bf5 4. Bb2 Nd7 5. e3 Nxe5 6. Bxe5 e6 7. Be2 Nf6 8.
c4 Bd6 9. Bb2 h5 10. d3 Ng4 11. Qc2 Qg5 12. c5 Bxh2 13. Bxg4 hxg4 14. c6 b6
15. e4 dxe4 16. dxe4 Bg6 17. Qd2 Qxd2+ 18. Nxd2 O-O-O 19. g3 Rh5 20. Ke2 f6
21. b4 Rh3 22. Rac1 Bxg3 23. fxg3 Rxg3 24. Rcg1 Rgd3 25. Bc1 f5 26. Nb3 Rc3
27. Bg5 Rc2+ 28. Ke3 Rc3+ 29. Ke2 Rc2+ 30. Nd2 Rf8 31. b5 Rxa2 32. Ra1 Rxa1 33.
Rxa1 Kb8 34. Nc4 Bh5 35. Ne5 Re8 36. Nd7+ Ka8 37. Bf4 Rc8 38. e5 Rh8 39. Kf2
Be8 40. Rd1 Bf7 41. Kg2 a5 42. Be3 Bg6 43. Bd2 Rh3 44. Bf4 Rb3 45. Nxb6+ Ka7
46. Nc8+ Kb8 47. Rd8 a4 48. b6 Rb2+ 49. Kg3 cxb6 50. Nd6+ 1-0

[Event "87th Argentinean Championship"]
[Site "Villa Martelli, ARG"]
[Date "2013.04.12"]
[Round "10.5"]
[White "Pichot, Alan"]
[Black "Mareco, Sandro"]
[Result "0-1"]
[WhiteElo "2327"]
[BlackElo "2580"]

1. e4 c5 2. Nf3 d6 3. d4 cxd4 4. Nxd4 Nf6 5. Nc3 a6 6. Be3 e5 7. Nb3 Be6 8.
h3 Be7 9. Qf3 O-O 10. g4 a5 11. O-O-O a4 12. Nc5 a3 13. b3 Qc8 14. Nxe6 Qxc3
15. Nxf8 Nc6 16. Rd3 Qb2+ 17. Kd2 Nb4 18. Qd1 Rxf8 19. Qc1 Nxe4+ 20. Ke2 Nxa2
21. Qxb2 axb2 22. Bg2 Nec3+ 23. Kd2 b1=Q 0-1

[Event "87th Argentinean Championship"]
[Site "Villa Martelli, ARG"]
[Date "2013.04.12"]
[Round "10.6"]
[White "Krysa, Leandro Sergio"]
[Black "Perez Ponsa, Federico"]
[Result "1/2-1/2"]
[WhiteElo "2378"]
[BlackElo "2476"]

1. c4 Nf6 2. Nf3 g6 3. g3 Bg7 4. Bg2 O-O 5. O-O c6 6. d4 d5 7. Qb3 dxc4 8.
Qxc4 Qa5 9. Nc3 Be6 10. Qd3 Na6 11. Bf4 c5 12. Ng5 Bf5 13. e4 cxd4 14. exf5
dxc3 15. fxg6 hxg6 16. Qxc3 Qxc3 17. bxc3 Nc5 18. Rab1 Rac8 19. Bxb7 Nxb7 20.
Rxb7 Nd5 21. Rxa7 Bxc3 22. Rd1 1/2-1/2